000 00584cam a2200241ua 4500
020 _cRs 2.50
041 _aeng
_h
082 _a516.24
_bPAR/TR
100 _aParameswaran, S .
245 _aTrignometry for pre degree course /
_cS Parameswaran.
_hTextual Documents
250 _a1 /
_b.
260 _aChennai :
_bS.Viswanathan ,
_c1965.
300 _a178 ; .
365 _aRs 2.50
504 _a
650 _aTrignometry
942 _cBK
999 _c251
_d251